| 000 | 00814cam a2200217 i 4500 | ||
|---|---|---|---|
| 999 |
_c14238 _d14238 |
||
| 003 | OSt | ||
| 005 | 20260416153156.0 | ||
| 008 | 140809s2014 ii ab b 001 0 eng d | ||
| 020 |
_a9789383098439 _qpbk. |
||
| 037 | _bLibrary of Congress -- New Delhi Overseas Office | ||
| 043 | _aa-ii--- | ||
| 082 | 0 | 4 |
_a728.095487 _223 |
| 100 | 1 |
_aChinnappa, Boverianda, _eauthor. |
|
| 245 | 1 | 0 |
_aAinmanes of Kodagu : _bancestral homes of Kodagu and their socio-cultural significance / _cChinnappa Boverianda and Nanjamma. |
| 300 |
_a276 pages : _billustrations (chiefly color), maps ; _c22 cm |
||
| 504 | _aIncludes bibliographical references (pages 254-257) and index. | ||
| 650 | 0 |
_aArchitecture, Domestic _zIndia _zKodagu. |
|
| 650 | 0 |
_aDwellings _zIndia _zKodagu. |
|
| 700 | 1 |
_aNanjamma, Boverianda, _eauthor. |
|
| 942 | _2ddc | ||